000 00801nam a2200205 i 4500
001 161263
003 ES-MaACL
005 20240521094854.0
008 950614s1888 sp |||| | spa d
040 _aCARM
_bspa
_cCCPB | SIC
100 1 _aPalacio Valdés, Armando,
_d1853-1938
_988382
245 1 3 _aEl cuarto poder
_b: novela de costumbres /
_cpor Armando Palacio Valdés.
260 _aMadrid :
_b[s.n.],
_c1888 (
_fTipografía de Manuel Ginés Hernandez)
300 _a2 v. (338, 290 p.) ;
_c19 cm.
530 _aDisponible en formato digital.
852 _aES-MaACL
_jB-3686-3687
_xEncuadernación pasta española
856 _uhttp://bdh-rd.bne.es/viewer.vm?id=0000251593&page=1
_yVersión en línea
_zBiblioteca Digital Hispánica
942 _2udc
999 _c161263
_d161263